| 000 | 00963nam#a22003735a#4500 | ||
|---|---|---|---|
| 001 | 495 | ||
| 008 | 061205s1963####ag#o###f######001#0#spa#d | ||
| 245 | 1 | 0 |
_aMicrobiología : _bGeneral Aplicada / _cWilliam Bowen Sarles, William Carroll Frazier. |
| 250 | _a1ª ed. | ||
| 260 |
_aBuenos Aires : _bSalvat, _c1963. |
||
| 300 |
_a541 p. : _bfot. ; _c22 cm. |
||
| 100 | 1 | _aBowen Sarles, William. | |
| 700 | 1 | _aFrazier, William Carroll. | |
| 080 | _a579.2/.6 | ||
| 084 | _aS23 | ||
| 653 | _aBiología | ||
| 653 | _aAlgas | ||
| 653 | _aHongos | ||
| 653 | _aLevaduras | ||
| 653 | _aProtozoos | ||
| 653 | _aMicroorganismos | ||
| 653 | _aEsterilización | ||
| 653 | _aCultivos puros | ||
| 653 | _aCaracterísticas | ||
| 653 | _aClasificación | ||
| 653 | _aDescomposición | ||
| 653 | _aProductos Lácteos | ||
| 653 | _aEnfermedades | ||
| 653 | _aVirus | ||
| 040 |
_aAR-ClEAG _cAR-ClEAG |
||
| 005 | 20241107184637.0 | ||
| 003 | AR-ClEAG | ||
| 942 | _cBK | ||
| 999 |
_c495 _d495 |
||
| 980 |
_62 _aEvangelina Gallicchio _82 _gEvangelina Gallicchio |
||